Nákupné správanie spotrebiteľov v SR v kontexte relevantných vplyvov

Deskripcia jednotlivých objektívnych a subjektívnych faktorov vplývajúcich na nákupné správanie spotrebiteľov v Slovenskej republike. Poznanie týchto faktorov je totiž spôsobilé posilniť konkurenčné postavenie značiek na trhu takým spôsobom, že manažéri budú schopní na základe ich analýzy kvalifikov...

Ausführliche Beschreibung

Gespeichert in:
Bibliographische Detailangaben
1. Verfasser: Majerová, Jana
Weitere Verfasser: Zvaríková, Katarína
Format: Buchkapitel
Sprache:Slowakisch
Schlagworte:
Tags: Tag hinzufügen
Keine Tags, Fügen Sie das erste Tag hinzu!

MARC

LEADER 00000nla a2200000 4500
001 0182226
005 20220722095148.3
041 0 |a slo 
044 |a SK 
245 1 0 |a Nákupné správanie spotrebiteľov v SR v kontexte relevantných vplyvov  |c Jana Majerová, Katarína Zvaríková 
520 |a Deskripcia jednotlivých objektívnych a subjektívnych faktorov vplývajúcich na nákupné správanie spotrebiteľov v Slovenskej republike. Poznanie týchto faktorov je totiž spôsobilé posilniť konkurenčné postavenie značiek na trhu takým spôsobom, že manažéri budú schopní na základe ich analýzy kvalifikovanejšie odhadnúť budúce nákupné správanie spotrebiteľov a tomu podmieniť aj implementovaný marketingový mix.deskripciou jednotlivých objektívnych a subjektívnych faktorov vplývajúcich na nákupné správanie spotrebiteľov v Slovenskej republike. 
610 2 0 |a správanie spotrebiteľa 
610 2 0 |a rozhodovanie nákupné 
610 2 0 |a marketing 
610 2 0 |a stratégia marketingová 
100 1 |a Majerová, Jana 
700 1 |a Zvaríková, Katarína